| 000 | 00388nam a2200169Ia 4500 | ||
|---|---|---|---|
| 008 | 230524s9999 xx 000 0 und d | ||
| 082 |
_a3 _bGOE |
||
| 100 | _aB.S.Goel | ||
| 245 | 0 | _aOperations Research | |
| 250 | _a1ST | ||
| 260 |
_aNEW DELHI _bPragati _c2001 |
||
| 300 | _aXII;991 | ||
| 500 | _aQuantity Number: 3 | ||
| 650 | _aMathematics | ||
| 700 | _a S.K.Mittal | ||
| 942 | _cBK | ||
| 999 |
_c18906 _d18906 |
||